000 00760pam a2200181 a 4500
999 _c5962
_d5962
020 _a0030531586 (pbk.)
050 0 0 _aHA29
_b.W525
100 1 _aWilliams, Frederick,
245 1 0 _aReasoning with statistics :
_bhow to read quantitative research /
_cFrederick Williams.
250 _a4th ed.
260 _aFort Worth :
_bHarcourt Brace Jovanovich College Publishers,
_cc1992.
300 _axiii, 220 p. :
_bill. ;
_c24 cm.
500 _aIncludes index
505 _aOn conducting quantitative research -- Descriptive statistics -- Population statistics -- Analyses of differences -- Analyses of relationships -- Analyses of complex differences and relationships.
650 0 _aStatistics.
650 0 _aSocial sciences
_xStatistical methods.
942 _cBK